000 00550nam a2200193Ia 4500
003 OSt
005 20251230123058.0
008 210210b1957 xxu||||| |||| 00| 0 eng d
040 _cAL
041 _aKannada
082 _a859/2159
100 _aSITARAMA SHASTRI
_9158318
_dಸೀತಾರಾಮ ಶಾಸ್ತ್ರಿ
245 _aRajapanjara:
_bರಾಜಪಂಜರ
260 _aBengaluru
_b-
_c1957
690 _aKannada Fiction
_9158319
700 _aVIRAKESARI
_9158320
_d ವೀರಕೇಸರಿ.
906 _a022872
942 _2ddc
_cBK
999 _c147570
_d147570